Statistics for Real Madrid CF Squad 2003-2004

Click here to take the quiz!

General Stats

  • This quiz has been taken 63 times
    (51 since last reset)
  • The average score is 12 of 26

Answer Stats

#PositionNationPlayer% Correct
1GKSpainIker Casillas
100%
10FWPortugalLuís Figo
97%
9FWBrazilRonaldo Nazário
97%
5MFFranceZinédine Zidane
90%
3DFBrazilRoberto Carlos
87%
7FWSpainRaúl González
77%
23MFEnglandDavid Beckham
74%
2DFSpainMíchel Salgado
65%
14MFSpainGuti
61%
6DFSpainIván Helguera
58%
24MFFranceClaude Makélélé
52%
21MFArgentinaSantiago Solari
42%
25GKSpainCésar Sánchez
39%
19MFArgentinaEsteban Cambiasso
32%
22DFSpainFrancisco Pavón
29%
15DFSpainRaúl Bravo
23%
-CoachPortugalCarlos Queiroz
19%
31MFSpainJordi López
19%
13GKSpainCarlos Sánchez
16%
11FWSpainJavier Portillo
16%
34DFSpainJuanfran Torres
16%
33DFSpainÁlvaro Mejía
10%
27FWSpainAntonio Núñez
10%
17DFSpainÓscar Miñambres
10%
4DFSpainRubén González
10%
26MFSpainBorja Fernández
6%

Score Distribution

Percentile by Number Answered

Percent of People with Each Score

Your Score History

You have not taken this quiz since the last reset